000 00547nam a22001937a 4500
005 20250307141656.0
010 _aENG-144014
020 _c350.00
_a9788195575824
035 _aEN-127546
037 _bDBAD
082 _aN
100 _aChristic, Agatha
_979393
245 _aThe Mysterious Affair at Styles/
_cBy Agatha Christic
250 _a1
260 _bKitabeormai Publications
_c2022
_aRajasthan
270 _bJaipur
_e302033
_aPratap nagar, Sanganer
_mkitabeormai@gmail.com
300 _a229p.
_c22cm (pb)
942 _2ddc
_cEN
_hN
_mCHR
999 _c210162
_d210162